header

Designing networks with Cisco (Record no. 45103)

MARC details
000 -LEADER
fixed length control field 01463nam a22003854a 4500
082 04 - DEWEY DECIMAL CLASSIFICATION NUMBER
Classification number 004.6/5
100 1# - MAIN ENTRY--AUTHOR NAME
Personal name Pasricha, H.
245 10 - TITLE STATEMENT
Title Designing networks with Cisco
250 ## - EDITION STATEMENT
Edition statement 1st ed.
260 ## - PUBLICATION, DISTRIBUTION, ETC. (IMPRINT)
Place of publication Hingham, Mass. :
Name of publisher Charles River Media,
Year of publication c2004.
300 ## - PHYSICAL DESCRIPTION
Number of Pages xi, 315 p. :
Other physical details ill.
490 1# - SERIES STATEMENT
Series statement Networking series
500 ## - GENERAL NOTE
General note Includes index.
650 #0 - SUBJECT ADDED ENTRY--TOPICAL TERM
Topical Term Computer networks
Topical Term Local area networks (Computer networks)
Topical Term Wide area networks (Computer networks)
700 1# - ADDED ENTRY--PERSONAL NAME
Personal name Jagu, D.
856 40 - ELECTRONIC LOCATION AND ACCESS
Uniform Resource Identifier http://site.ebrary.com/lib/rucke/Doc?id=10074874

No items available.

© 2026 Rongo University
Contact us: librarian | system librarian | Rongo university